000 00711cam a22002533a 4500
001 35201
003 PGUSA
005 20140828083746.0
008 110207s2011||||xxu|||||s|||||000 1 eng d
040 _aPGUSA
_beng
042 _adc
050 4 _aPT
100 1 _aWerner, E.,
_d1838-1918
245 1 0 _aClear the Track! A Story of To-day
_h[electronic resource] /
_cE. Werner
260 _bProject Gutenberg,
_c2011
506 _aPublic domain in the USA.
516 _aElectronic text
653 _aFiction
700 1 _aSmith, Mary Stuart Harrison,
_d1834-1917
740 0 _aFreie bahn. English
830 0 _aProject Gutenberg
_v35201
856 4 0 _uhttp://www.gutenberg.org/ebooks/35201
942 _cEB
999 _c264456
_d264456